[Event "Mittelfrankenliga 05/06 (B2b)"]
[Site "Mfr.2005/06-R9"]
[Date "2006.04.30"]
[Round "9.6"]
[White "Kelm, Klaus"]
[Black "Mueller, Rudolf[31]"]
[Result "1-0"]
[WhiteElo "1881"]
[BlackElo "1870"]
[Annotator "NT Nbg.4-Postbauer2"]
[PlyCount "97"]
[EventDate "2006.04.30"]
[SourceDate "2005.10.17"]

1. Nf3 Nf6 2. c4 c5 3. Nc3 Nc6 4. g3 d6 5. Bg2 g6 6. O-O Bg7 7. d3 h6 8. Rb1
Bd7 9. a3 a5 10. Nb5 Na7 11. Nxa7 Rxa7 12. b4 axb4 13. axb4 Ba4 14. Qd2 cxb4
15. Qxb4 Bc6 16. Be3 Ra4 17. Qb3 Qa5 18. Nd4 Bxg2 19. Kxg2 e5 20. Nb5 O-O 21.
Nxd6 Rb8 22. Bb6 Qa6 23. c5 Rf8 24. Nb5 Ne8 25. Qd5 Kh7 26. Nd6 Nxd6 27. cxd6
Bf6 28. Bc7 Qc6 29. Qxc6 bxc6 30. Rfc1 e4 31. dxe4 Rxe4 32. e3 Bd8 33. Rxc6 Re6
34. Rbc1 f5 35. Kf3 g5 36. h3 h5 37. R6c5 g4+ 38. hxg4 hxg4+ 39. Ke2 Kg6 40.
Rd1 Kf6 41. Rdd5 Kg6 42. d7 Ref6 43. Bxd8 Rxd8 44. Rc8 Rff8 45. Rxd8 Rxd8 46.
Kd3 Kf6 47. Kd4 Ke6 48. e4 fxe4 49. Kxe4 1-0

[Event "Mittelfrankenliga 05/06 (B2b)"]
[Site "Mfr.2005/06-R9"]
[Date "2006.04.30"]
[Round "9.7"]
[White "Ceglar, Michael"]
[Black "Suess, Helmut"]
[Result "1-0"]
[WhiteElo "1817"]
[BlackElo "1834"]
[Annotator "NT Nbg.4-Postbauer2"]
[PlyCount "143"]
[EventDate "2006.04.30"]
[SourceDate "2005.10.17"]

1. e4 c5 2. Nc3 Nc6 3. g3 g6 4. Bg2 Bg7 5. d3 e6 6. f4 Nge7 7. Nf3 O-O 8. O-O
d6 9. h3 a6 10. Nh4 f5 11. Ne2 Nd4 12. c3 Nxe2+ 13. Qxe2 Nc6 14. exf5 exf5 15.
Bd5+ Kh8 16. Re1 Bd7 17. Qf2 Bf6 18. Ng2 Re8 19. Ne3 Rc8 20. Nc4 Rxe1+ 21. Qxe1
Qc7 22. Be3 Re8 23. Qf2 Be6 24. Bf3 b5 25. Nd2 Ne7 26. d4 c4 27. Qg2 d5 28. Be2
Nc8 29. Nf3 Nd6 30. Ne5 Ne4 31. g4 Rg8 32. g5 Bxe5 33. fxe5 Rf8 34. Bf4 Kg7 35.
h4 Rh8 36. Qh3 Qd8 37. Bf3 Re8 38. Re1 Qe7 39. Re2 b4 40. cxb4 Qxb4 41. h5 Rh8
42. Bxe4 dxe4 43. Rd2 Qb6 44. Kf1 Qb5 45. Kg1 Qb6 46. Kh2 Qc6 47. Kg1 Qb6 48.
Qa3 Kf7 49. Be3 Bd5 50. Bf4 gxh5 51. Qh3 Qg6 52. Rh2 Kg7 53. Qa3 Re8 54. Qa5
Qc6 55. Rxh5 Re6 56. Qd2 Qa4 57. a3 Qb3 58. Be3 Rb6 59. Rh2 Qa2 60. Rf2 Kg6 61.
Qa5 Qb1+ 62. Kg2 Rxb2 63. Qxd5 Rxf2+ 64. Bxf2 Qc2 65. Qe6+ Kxg5 66. Qf6+ Kh5
67. Qxf5+ Kh6 68. Qf4+ Kg7 69. Qf6+ Kg8 70. e6 h5 71. Qf7+ Kh8 72. e7 1-0

[Event "Mittelfrankenliga 05/06 (B2b)"]
[Site "Mfr.2005/06-R9"]
[Date "2006.04.30"]
[Round "9.8"]
[White "Zippel, Harald"]
[Black "Riexinger, Martin"]
[Result "0-1"]
[WhiteElo "1811"]
[BlackElo "1620"]
[Annotator "NT Nbg.4-Postbauer2"]
[PlyCount "154"]
[EventDate "2006.04.30"]
[SourceDate "2005.10.17"]

1. e4 d6 2. d4 Nf6 3. Nc3 g6 4. f4 Bg7 5. Nf3 O-O 6. Bc4 Nxe4 7. Bxf7+ Rxf7 8.
Nxe4 Bf5 9. Ng3 Bg4 10. c3 Nd7 11. O-O c6 12. Qb3 Bxf3 13. Rxf3 Qb6 14. Qe6 Nf8
15. Qe2 e5 16. Be3 exd4 17. Bf2 d5 18. Rd1 Qc7 19. Bxd4 Rxf4 20. Bxg7 Kxg7 21.
Rxf4 Qxf4 22. Rf1 Qd6 23. Qg4 Qe5 24. Nf5+ Kh8 25. Nd4 Re8 26. Qh4 Kg8 27. Nf3
Qe4 28. Qg3 Qe7 29. Re1 Qc5+ 30. Nd4 Rxe1+ 31. Qxe1 Qd6 32. Qe8 c5 33. Nf3 Qe6
34. Qd8 Qd7 35. Qb8 b6 36. Qf4 Qf5 37. Qc1 Ne6 38. a3 Nf4 39. Qe1 Nd3 40. Qe8+
Qf8 41. Qe6+ Qf7 42. Qe2 Nf4 43. Qe5 Nd3 44. Qe2 Qf5 45. Qe8+ Kg7 46. Qe7+ Qf7
47. Qe2 c4 48. Ng5 Qf6 49. Ne6+ Kf7 50. Nd4 Qe5 51. Qf1+ Qf4 52. Nf3 Kg7 53. g3
Qe3+ 54. Kg2 Nxb2 55. h4 Qxc3 56. Ng5 Qc2+ 57. Kg1 Qd1 58. Ne6+ Kg8 59. Qxd1
Nxd1 60. Kf1 Kf7 61. Nf4 d4 62. Ke1 Nb2 63. Kd2 b5 64. Kc2 Na4 65. Nd5 Nc5 66.
Nc7 a6 67. Nd5 Ke6 68. Nf4+ Kf5 69. Kd2 Ne4+ 70. Kc1 Nxg3 71. Ng2 Ke4 72. Kd1
Kd3 73. Nf4+ Kc3 74. Nd5+ Kb3 75. Nc7 c3 76. Nxa6 c2+ 77. Kd2 Kb2 0-1

[Event "Mittelfrankenliga 05/06 (B2b)"]
[Site "Mfr.2005/06-R9"]
[Date "2006.04.30"]
[Round "9.1"]
[White "Diehl, Achim"]
[Black "Fink, Martin"]
[Result "0-1"]
[WhiteElo "1956"]
[BlackElo "1875"]
[Annotator "Heideck1-SW Nbg.3"]
[PlyCount "110"]
[EventDate "2006.04.30"]
[SourceDate "2005.10.17"]

1. e4 c5 2. Nf3 Nc6 3. d4 cxd4 4. Nxd4 Nf6 5. Nc3 d6 6. Be2 g6 7. Be3 Bg7 8. f4
O-O 9. Qd2 Bd7 10. Nb3 Rc8 11. a3 a6 12. h3 Na5 13. e5 Nxb3 14. cxb3 Ne8 15.
Rd1 Bc6 16. O-O Qc7 17. Bg4 Rb8 18. Qf2 b5 19. Ba7 Rb7 20. exd6 Nxd6 21. Bd4
Bxd4 22. Rxd4 b4 23. axb4 Rfb8 24. Rc1 Qb6 25. Ra1 Nb5 26. Rc4 h5 27. Qxb6 Rxb6
28. Na4 hxg4 29. Nxb6 Rxb6 30. hxg4 Nd6 31. Rd4 Bd7 32. Re1 Kf8 33. g5 Be6 34.
Rc1 Bxb3 35. Rc7 Ba4 36. Rc5 Bb5 37. Kf2 Bc6 38. Rc2 Bb5 39. g4 Rc6 40. Rc5 Nb7
41. Rc3 Nd6 42. Rc5 Nb7 43. Rxc6 Bxc6 44. Rc4 Bd5 45. Rc8+ Kg7 46. Rc7 Kf8 47.
Rc8+ Kg7 48. Ra8 Nc5 49. Rd8 Nd3+ 50. Ke3 Nxb4 51. Kd4 Nc6+ 52. Kxd5 Nxd8 53.
b4 Kf8 54. f5 Ke8 55. Kc5 Kd7 0-1

[Event "Mittelfrankenliga 05/06 (B2b)"]
[Site "Mfr.2005/06-R9"]
[Date "2006.04.30"]
[Round "9.2"]
[White "Kirchner, Norbert jr."]
[Black "Werner, Thomas[65]"]
[Result "1-0"]
[WhiteElo "2060"]
[BlackElo "1911"]
[Annotator "Heideck1-SW Nbg.3"]
[PlyCount "117"]
[EventDate "2006.04.30"]
[SourceDate "2005.10.17"]

1. e4 c6 2. d4 d5 3. e5 Bf5 4. Bd3 Bxd3 5. Qxd3 e6 6. Ne2 Qa5+ 7. Nbc3 Qa6 8.
Qf3 Nd7 9. O-O c5 10. Be3 cxd4 11. Bxd4 Ne7 12. Rad1 Nc6 13. Qg3 g6 14. Rfe1
Be7 15. Qf4 h5 16. Nxd5 O-O-O 17. Nxe7+ Nxe7 18. Rd3 Nf5 19. Red1 b6 20. Qf3
Qb7 21. Qxb7+ Kxb7 22. Bxb6 Kxb6 23. Rxd7 Rc8 24. c3 Rc7 25. Rxc7 Kxc7 26. Nd4
Nxd4 27. Rxd4 Rb8 28. b3 Rb5 29. Rc4+ Kd7 30. f4 g5 31. g3 gxf4 32. gxf4 Rb8
33. Ra4 Rb7 34. Kf2 Ke7 35. Rd4 Rc7 36. c4 Rc8 37. Rd2 f6 38. Ke3 fxe5 39. fxe5
Rg8 40. b4 Rg4 41. Rd4 Rg2 42. Rh4 Rxa2 43. Rxh5 Ra4 44. Rh7+ Kd8 45. Kd4 Rxb4
46. Rxa7 Rb2 47. Rh7 Re2 48. Rh5 Kd7 49. Kc5 Rd2 50. Rh7+ Kd8 51. Kc6 Rd1 52.
c5 Rd5 53. Rh5 Rd1 54. Rh8+ Ke7 55. Kc7 Rd5 56. Rh7+ Ke8 57. c6 Rxe5 58. Kd6
Re2 59. Rh8+ 1-0

[Event "Mittelfrankenliga 05/06 (B2b)"]
[Site "Mfr.2005/06-R9"]
[Date "2006.04.30"]
[Round "9.3"]
[White "Konsek, Peter"]
[Black "Platz, Stephan"]
[Result "1/2-1/2"]
[WhiteElo "1953"]
[BlackElo "1865"]
[Annotator "Heideck1-SW Nbg.3"]
[PlyCount "92"]
[EventDate "2006.04.30"]
[SourceDate "2005.10.17"]

1. e4 c5 2. Nc3 Nc6 3. g3 Nf6 4. Bg2 d5 5. exd5 Nb4 6. Nge2 Bf5 7. d3 Nbxd5 8.
Bg5 Qd7 9. Nf4 Nxf4 10. Bxf4 Bg4 11. Qd2 h6 12. h3 Bf5 13. g4 Bh7 14. O-O-O e6
15. d4 O-O-O 16. Qe2 Bd6 17. Bxd6 Qxd6 18. Qf3 Nd5 19. Nxd5 exd5 20. Qc3 c4 21.
Rhe1 f6 22. Qd2 Rd7 23. f4 Rhd8 24. f5 Bg8 25. Re3 b5 26. Rde1 Bf7 27. R1e2 Qb6
28. c3 a5 29. a3 Rb7 30. Re7 Rdd7 31. Qe1 Qd6 32. Rxd7 Rxd7 33. Re3 Kd8 34. Qg3
Qxg3 35. Rxg3 Re7 36. Kd2 Kc7 37. h4 Kd6 38. Re3 Rb7 39. Kc2 b4 40. cxb4 axb4
41. axb4 Rxb4 42. Ra3 Rb7 43. Bf3 Be8 44. Ra8 Re7 45. Kd2 Bc6 46. Rd8+ Bd7
1/2-1/2

[Event "Mittelfrankenliga 05/06 (B2b)"]
[Site "Mfr.2005/06-R9"]
[Date "2006.04.30"]
[Round "9.4"]
[White "Wegmann, Wolfgang"]
[Black "Fuchs, Johann,Dr."]
[Result "1/2-1/2"]
[WhiteElo "1725"]
[BlackElo "1960"]
[Annotator "Heideck1-SW Nbg.3"]
[PlyCount "90"]
[EventDate "2006.04.30"]
[SourceDate "2005.10.17"]

1. d4 Nf6 2. c4 g6 3. Nc3 d5 4. cxd5 Nxd5 5. e4 Nxc3 6. bxc3 c5 7. Bg5 Bg7 8.
Rc1 O-O 9. Nf3 Bg4 10. d5 Qa5 11. Qd2 Bxf3 12. gxf3 f5 13. Bxe7 Re8 14. d6 Nc6
15. Bc4+ Kh8 16. Bf7 Nxe7 17. Bxe8 Rxe8 18. dxe7 Rxe7 19. c4 Qxd2+ 20. Kxd2
Bh6+ 21. Kd3 Rd7+ 22. Kc3 Bxc1 23. Rxc1 fxe4 24. fxe4 Rf7 25. Rc2 Rf3+ 26. Kb2
Kg7 27. Rd2 Kf6 28. a4 Ke6 29. a5 Rf4 30. Kc3 Rxe4 31. Rb2 b6 32. axb6 axb6 33.
Rxb6+ Ke5 34. Rc6 Rh4 35. Rxc5+ Kd6 36. Kb4 Rxh2 37. Rd5+ Kc6 38. Rc5+ Kb6 39.
Rb5+ Kc6 40. Rc5+ Kb6 41. Rb5+ Ka6 42. Ra5+ Kb7 43. Rb5+ Kc7 44. Rc5+ Kd6 45.
Rd5+ Kc6 1/2-1/2

[Event "Mittelfrankenliga 05/06 (B2b)"]
[Site "Mfr.2005/06-R9"]
[Date "2006.04.30"]
[Round "9.6"]
[White "Strnad, Alfred"]
[Black "Hintyes, Helmuth"]
[Result "1-0"]
[WhiteElo "1951"]
[BlackElo "1806"]
[Annotator "Heideck1-SW Nbg.3"]
[PlyCount "83"]
[EventDate "2006.04.30"]
[SourceDate "2005.10.17"]

1. e4 e5 2. f4 d6 3. Nf3 Bg4 4. h3 Bxf3 5. Qxf3 Nc6 6. Bb5 Nge7 7. O-O a6 8.
Bxc6+ Nxc6 9. c3 Be7 10. fxe5 Nxe5 11. Qe2 O-O 12. d4 Ng6 13. Be3 Bg5 14. Nd2
Bxe3+ 15. Qxe3 Qe7 16. Rae1 Rae8 17. Qg3 Qe6 18. b3 f6 19. h4 Rf7 20. h5 Nf8
21. Nf3 Nd7 22. Nh4 Kh8 23. Ng6+ Kg8 24. d5 Qxe4 25. Rxe4 Rxe4 26. Nf4 Ne5 27.
Qh3 f5 28. Ne6 Rg4 29. Rf4 h6 30. Rxg4 Nxg4 31. c4 Kh7 32. Qh4 g5 33. hxg6+
Kxg6 34. Qd8 b5 35. Qg8+ Kf6 36. Qh8+ Kg6 37. g3 Ne5 38. Nf4+ Kg5 39. Qd8+ Kg4
40. Kg2 Nf3 41. Qg8+ Ng5 42. Qg6 1-0

[Event "Mittelfrankenliga 05/06 (B2b)"]
[Site "Mfr.2005/06-R9"]
[Date "2006.04.30"]
[Round "9.7"]
[White "Mueller, Werner[66]"]
[Black "Ruderer, Thomas"]
[Result "1/2-1/2"]
[WhiteElo "1830"]
[BlackElo "1732"]
[Annotator "Heideck1-SW Nbg.3"]
[PlyCount "26"]
[EventDate "2006.04.30"]
[SourceDate "2005.10.17"]

1. f4 d5 2. Nf3 Nf6 3. e3 Bg4 4. h3 Bxf3 5. Qxf3 e6 6. Nc3 Be7 7. d4 Nbd7 8. a3
c5 9. Bd3 Qb6 10. Na4 Qa5+ 11. Nc3 Qb6 12. Na4 Qa5+ 13. Nc3 Qb6 1/2-1/2

[Event "Mittelfrankenliga 05/06 (B2b)"]
[Site "Mfr.2005/06-R9"]
[Date "2006.04.30"]
[Round "9.8"]
[White "Dorner, Hans"]
[Black "Bala, Claudiu"]
[Result "1/2-1/2"]
[WhiteElo "1697"]
[BlackElo "1649"]
[Annotator "Heideck1-SW Nbg.3"]
[PlyCount "55"]
[EventDate "2006.04.30"]
[SourceDate "2005.10.17"]

1. e4 c5 2. c3 d5 3. e5 d4 4. Bb5+ Bd7 5. Bxd7+ Qxd7 6. d3 Nc6 7. f4 Rd8 8. c4
Nh6 9. Nf3 Nf5 10. O-O Ne3 11. Bxe3 dxe3 12. Nc3 Qxd3 13. Nd5 Qxd1 14. Raxd1
Rd7 15. Nxe3 Rxd1 16. Rxd1 e6 17. a3 Be7 18. Ng4 Na5 19. Ne3 O-O 20. Rd7 Re8
21. Kf2 Kf8 22. Ke2 Rb8 23. Nd2 Ke8 24. Rd3 g5 25. f5 Nc6 26. fxe6 Nd4+ 27. Kf2
fxe6 28. Nf3 1/2-1/2

[Event "Mittelfrankenliga 05/06 (B2b)"]
[Site "Mfr.2005/06-R9"]
[Date "2006.04.30"]
[Round "9.1"]
[White "Wittmann, Helmut"]
[Black "Meyer, Friedrich[59]"]
[Result "1-0"]
[WhiteElo "2108"]
[BlackElo "1861"]
[Annotator "Gunzenhausen/Wbg.2-BSGW Erlangen1"]
[PlyCount "89"]
[EventDate "2006.04.30"]
[SourceDate "2005.10.17"]

1. d4 g6 2. e4 Bg7 3. Nf3 d6 4. Bc4 Nf6 5. e5 dxe5 6. Nxe5 O-O 7. O-O Nbd7 8.
Qe2 c5 9. Re1 cxd4 10. Nxf7 Rxf7 11. Qxe7 Qxe7 12. Rxe7 Nb6 13. Bxf7+ Kf8 14.
Rc7 Nbd5 15. Bxd5 Nxd5 16. Rc5 Be6 17. Nd2 Nb4 18. a3 Na6 19. Rb5 b6 20. a4 Nc7
21. Rg5 Bf6 22. Rg3 Be5 23. Nf3 Bxg3 24. hxg3 Rd8 25. Bh6+ Kg8 26. Re1 Bf5 27.
Re7 Rd7 28. Rxd7 Bxd7 29. b3 Ne6 30. Bf4 Nxf4 31. gxf4 d3 32. cxd3 a5 33. Ne5
Bf5 34. Kf1 Kf8 35. Ke2 Ke7 36. Nc4 Be6 37. Ke3 Kd7 38. Nxb6+ Kc6 39. Nc4 Kc5
40. Nxa5 Kb4 41. Nc6+ Kc5 42. Nd4 Bd5 43. g3 Kb4 44. Nf3 Bxb3 45. Kd4 1-0

[Event "Mittelfrankenliga 05/06 (B2b)"]
[Site "Mfr.2005/06-R9"]
[Date "2006.04.30"]
[Round "9.2"]
[White "Stephan, Eberhard"]
[Black "Lange, Carsten[65]"]
[Result "1-0"]
[WhiteElo "1960"]
[BlackElo "1944"]
[Annotator "Gunzenhausen/Wbg.2-BSGW Erlangen1"]
[PlyCount "74"]
[EventDate "2006.04.30"]
[SourceDate "2005.10.17"]

1. d4 Nf6 2. c4 g6 3. Nc3 d5 4. cxd5 Nxd5 5. e4 Nxc3 6. bxc3 Bg7 7. Be3 O-O 8.
Rc1 c5 9. Nf3 cxd4 10. cxd4 Qa5+ 11. Qd2 Qxd2+ 12. Nxd2 Nc6 13. Nb3 Rd8 14. d5
Ne5 15. Be2 f5 16. f4 Nf7 17. e5 Rxd5 18. Rc7 Rd7 19. Rxc8+ Rxc8 20. e6 Rd6 21.
exf7+ Kxf7 22. Kf2 Rc2 23. Rc1 Rxa2 24. Rc7 b6 25. Kf3 Ra3 26. Bc4+ Ke8 27. Bg8
a5 28. Ke2 a4 29. Nd2 Bd4 30. Nc4 Rxe3+ 31. Nxe3 Bxe3 32. Kxe3 e6 33. Bxh7 Kd8
34. Ra7 b5 35. Bxg6 Kc8 36. h4 Kb8 37. Ra5 Rb6 1-0

[Event "Mittelfrankenliga 05/06 (B2b)"]
[Site "Mfr.2005/06-R9"]
[Date "2006.04.30"]
[Round "9.3"]
[White "Bous, Florian"]
[Black "Kiersch, Helmut"]
[Result "1-0"]
[WhiteElo "1955"]
[BlackElo "1898"]
[Annotator "Gunzenhausen/Wbg.2-BSGW Erlangen1"]
[PlyCount "113"]
[EventDate "2006.04.30"]
[SourceDate "2005.10.17"]

1. d4 d5 2. c4 e6 3. Nc3 Nf6 4. Nf3 c6 5. Bg5 Nbd7 6. e3 Qa5 7. Nd2 Bb4 8. Qc2
O-O 9. Be2 e5 10. dxe5 Ne4 11. Ndxe4 dxe4 12. O-O Bxc3 13. bxc3 Nxe5 14. Be7
Re8 15. Bb4 Qd8 16. Qxe4 Nd7 17. Qd4 b6 18. Bd6 Bb7 19. Rfd1 Qf6 20. Bf3 Qg6
21. Bg3 Nc5 22. Qh4 h6 23. Rd4 Qg5 24. Qxg5 hxg5 25. Rad1 f5 26. Bh5 Re6 27.
Rd8+ Rxd8 28. Rxd8+ Kh7 29. Bf7 Re7 30. Bg8+ Kh6 31. Bd6 Rd7 32. Rxd7 Nxd7 33.
Be6 Nf6 34. Bxf5 b5 35. c5 a5 36. f3 Nd5 37. e4 Nxc3 38. e5 Nd5 39. Bd7 Kg6 40.
Be8+ Kf5 41. Bf7 g4 42. fxg4+ Kxg4 43. e6 Bc8 44. e7 Nxe7 45. Bxe7 Kf5 46. Be8
Ke6 47. Bf8 Kd5 48. Kf2 b4 49. Ke3 a4 50. Bf7+ Be6 51. Bxe6+ Kxe6 52. Kd4 b3
53. axb3 axb3 54. Kc3 g5 55. Kxb3 Ke5 56. Kc3 Ke4 57. Kd2 1-0

[Event "Mittelfrankenliga 05/06 (B2b)"]
[Site "Mfr.2005/06-R9"]
[Date "2006.04.30"]
[Round "9.4"]
[White "Enderlein, Hermann"]
[Black "Reinders, Rudolf"]
[Result "1/2-1/2"]
[WhiteElo "1937"]
[BlackElo "1902"]
[Annotator "Gunzenhausen/Wbg.2-BSGW Erlangen1"]
[PlyCount "92"]
[EventDate "2006.04.30"]
[SourceDate "2005.10.17"]

1. b3 Nf6 2. Nf3 d6 3. Bb2 e5 4. d3 Bg4 5. Nbd2 Be7 6. e4 Nc6 7. Be2 Qd7 8. Nc4
h6 9. Ne3 Be6 10. Qd2 d5 11. exd5 Nxd5 12. Nxe5 Nxe5 13. Bxe5 Bb4 14. c3 Bf8
15. O-O f6 16. Bg3 h5 17. Nxd5 Bxd5 18. Bxh5+ Kd8 19. Bg6 Rh6 20. c4 Bxg2 21.
Rfe1 Rxg6 22. Kxg2 Qc6+ 23. Kf1 a5 24. Qe3 Bb4 25. Qe4 Bxe1 26. Qxg6 Bc3 27.
Rd1 Ra6 28. Qe4 Qd7 29. Qxb7 Rc6 30. Kg2 f5 31. Qb8+ Ke7 32. Qg8 Rg6 33. f4 a4
34. Qa8 axb3 35. axb3 Rb6 36. Qa4 Qe6 37. Kf3 Ra6 38. Qb5 Ra2 39. Bh4+ Kf7 40.
Qd5 Qxd5+ 41. cxd5 Rxh2 42. Bd8 Rb2 43. Bxc7 Rxb3 44. Be5 Ba5 45. Kg3 g6 46.
Kf3 Rb5 1/2-1/2

[Event "Mittelfrankenliga 05/06 (B2b)"]
[Site "Mfr.2005/06-R9"]
[Date "2006.04.30"]
[Round "9.5"]
[White "Schiller, Angel"]
[Black "Fising, Robert"]
[Result "1-0"]
[WhiteElo "1780"]
[BlackElo "1642"]
[Annotator "Gunzenhausen/Wbg.2-BSGW Erlangen1"]
[PlyCount "48"]
[EventDate "2006.04.30"]
[SourceDate "2005.10.17"]

1. e4 c5 2. Nf3 Nc6 3. c4 d6 4. h3 e5 5. g3 Nf6 6. Nc3 Be7 7. Bg2 Be6 8. d3 h6
9. a3 Nd4 10. b4 a6 11. O-O Nxf3+ 12. Qxf3 Nh7 13. Qd1 O-O 14. Rb1 cxb4 15.
axb4 Qc7 16. Bd2 Rab8 17. b5 g5 18. Be3 f5 19. exf5 Rxf5 20. Nd5 Qd8 21. bxa6
Bc8 22. Qh5 Kg7 23. a7 Ra8 24. Bb6 g4 1-0

[Event "Mittelfrankenliga 05/06 (B2b)"]
[Site "Mfr.2005/06-R9"]
[Date "2006.04.30"]
[Round "9.6"]
[White "Reichert, Romuald"]
[Black "Reincke, Peter Uwe"]
[Result "1/2-1/2"]
[WhiteElo "1747"]
[BlackElo "1759"]
[Annotator "Gunzenhausen/Wbg.2-BSGW Erlangen1"]
[PlyCount "39"]
[EventDate "2006.04.30"]
[SourceDate "2005.10.17"]

1. d4 b6 2. e4 Bb7 3. Nc3 e6 4. Nf3 g6 5. Bd3 Bg7 6. Bg5 Ne7 7. Qd2 h6 8. Be3
d5 9. O-O-O Nd7 10. Kb1 a6 11. exd5 Nxd5 12. Nxd5 Bxd5 13. Ne1 Nf6 14. f3 Qd7
15. c4 Bb7 16. Nc2 b5 17. Rhe1 bxc4 18. Bxc4 Bd5 19. Bxd5 Nxd5 20. Qa5 1/2-1/2

[Event "Mittelfrankenliga 05/06 (B2b)"]
[Site "Mfr.2005/06-R9"]
[Date "2006.04.30"]
[Round "9.8"]
[White "Gajewski, Richard"]
[Black "Moosberger, Guenther"]
[Result "0-1"]
[WhiteElo "1589"]
[BlackElo "1626"]
[Annotator "Gunzenhausen/Wbg.2-BSGW Erlangen1"]
[PlyCount "52"]
[EventDate "2006.04.30"]
[SourceDate "2005.10.17"]

1. e4 e6 2. f4 d5 3. e5 c5 4. Nf3 Nc6 5. c3 Qb6 6. Na3 Nh6 7. Bd3 c4 8. Bb1 Bc5
9. Rf1 Ng4 10. Qe2 Nh6 11. Ng5 g6 12. Qf3 Bd7 13. Qh3 Nf5 14. Bxf5 gxf5 15. Qh6
Rg8 16. Qxh7 O-O-O 17. Qxf7 Nxe5 18. fxe5 Rxg5 19. g3 Rg4 20. Rf4 Rxf4 21. gxf4
Rh8 22. b4 Bf2+ 23. Kd1 Ba4+ 24. Ke2 Bg1 25. d4 cxd3+ 26. Kxd3 Rh3+ 0-1

[Event "Mittelfrankenliga 05/06 (B2b)"]
[Site "Mfr.2005/06-R9"]
[Date "2006.04.30"]
[Round "9.1"]
[White "Muenster, Erich"]
[Black "Alsheimer, Christoph"]
[Result "1/2-1/2"]
[WhiteElo "2024"]
[BlackElo "2007"]
[Annotator "Bechhofen1-Heilsbronn1"]
[PlyCount "79"]
[EventDate "2006.04.30"]
[SourceDate "2005.10.17"]

1. e4 e6 2. d4 d5 3. e5 c5 4. c3 Nc6 5. Nf3 Qb6 6. Bd3 Bd7 7. O-O cxd4 8. cxd4
Nxd4 9. Nxd4 Qxd4 10. Nc3 a6 11. Re1 Ne7 12. Be3 Qxe5 13. g3 Qd6 14. Bf4 Qb6
15. Rc1 Bc6 16. Na4 Qa5 17. Nc5 Nc8 18. Nxe6 fxe6 19. Rxe6+ Kf7 20. Qe2 Qd8 21.
Re1 Be7 22. Qh5+ Kg8 23. Qe5 Bf6 24. Re8+ Qxe8 25. Qxe8+ Bxe8 26. Rxe8+ Kf7 27.
Rxh8 Nb6 28. Rxa8 Nxa8 29. b4 Nb6 30. b5 axb5 31. Bxb5 Ke6 32. Kf1 Be5 33. Bc1
h6 34. Ke2 Bd4 35. f3 Nd7 36. Kd3 Bg1 37. Ke2 Bd4 38. Kd3 Bg1 39. Ke2 Bd4 40.
Kd3 1/2-1/2

[Event "Mittelfrankenliga 05/06 (B2b)"]
[Site "Mfr.2005/06-R9"]
[Date "2006.04.30"]
[Round "9.2"]
[White "Lutz, Thomas"]
[Black "Roeschinger, Udo"]
[Result "1/2-1/2"]
[WhiteElo "1975"]
[BlackElo "1878"]
[Annotator "Bechhofen1-Heilsbronn1"]
[PlyCount "48"]
[EventDate "2006.04.30"]
[SourceDate "2005.10.17"]

1. c4 c5 2. Nf3 Nc6 3. g3 g6 4. Bg2 Bg7 5. O-O d6 6. d3 Rb8 7. Nc3 e5 8. a3
Nge7 9. Rb1 a6 10. Bg5 f6 11. Bd2 Be6 12. Ne1 d5 13. cxd5 Nxd5 14. Nxd5 Bxd5
15. Bxd5 Qxd5 16. Ng2 O-O 17. Ne3 Qe6 18. b4 cxb4 19. Bxb4 Rf7 20. Nc2 Rd8 21.
Qc1 Qh3 22. f3 f5 23. Bc5 f4 24. Qe1 Bh6 1/2-1/2

[Event "Mittelfrankenliga 05/06 (B2b)"]
[Site "Mfr.2005/06-R9"]
[Date "2006.04.30"]
[Round "9.3"]
[White "Horneber, Thomas"]
[Black "Judas, Sven"]
[Result "0-1"]
[WhiteElo "1939"]
[BlackElo "2099"]
[Annotator "Bechhofen1-Heilsbronn1"]
[PlyCount "90"]
[EventDate "2006.04.30"]
[SourceDate "2005.10.17"]

1. e4 c5 2. Nf3 Nc6 3. d4 cxd4 4. Nxd4 e5 5. Nb5 a6 6. Nd6+ Bxd6 7. Qxd6 Qf6 8.
Qxf6 Nxf6 9. Nc3 d5 10. exd5 Nb4 11. Bd3 Nfxd5 12. Nxd5 Nxd5 13. Bd2 O-O 14.
O-O Bd7 15. Rad1 Bc6 16. Be4 Ne7 17. Bxc6 Nxc6 18. Bc3 Rad8 19. h3 f6 20. Rfe1
Kf7 21. Kf1 Ke6 22. Ke2 b5 23. a3 a5 24. b4 a4 25. Ke3 Ne7 26. Bb2 Nf5+ 27. Kf3
Rxd1 28. Rxd1 Rc8 29. Rd2 Nd6 30. Re2 h5 31. g4 hxg4+ 32. hxg4 Rc4 33. Kg3 Ne4+
34. Kh3 Nc3 35. Rd2 g5 36. f3 Nd5 37. Kh2 Ne3 38. Kg1 Rxc2 39. Rxc2 Nxc2 40.
Kf2 Kd5 41. Ke2 Kc4 42. Bc1 Kc3 43. Bd2+ Kb3 44. Kd3 Nxa3 45. Ke4 Nc4 0-1

[Event "Mittelfrankenliga 05/06 (B2b)"]
[Site "Mfr.2005/06-R9"]
[Date "2006.04.30"]
[Round "9.4"]
[White "Boese, Klaus"]
[Black "Lunz, Dieter"]
[Result "1/2-1/2"]
[WhiteElo "2020"]
[BlackElo "1906"]
[Annotator "Bechhofen1-Heilsbronn1"]
[PlyCount "42"]
[EventDate "2006.04.30"]
[SourceDate "2005.10.17"]

1. d4 Nf6 2. Bf4 e6 3. e3 c5 4. c3 d5 5. Bd3 Bd6 6. Bg3 Nc6 7. Nd2 c4 8. Bc2 e5
9. dxe5 Nxe5 10. Ngf3 Nxf3+ 11. Nxf3 Bg4 12. Bh4 Be7 13. Ba4+ Kf8 14. Qd4 b5
15. Bc2 Bxf3 16. gxf3 b4 17. cxb4 Bxb4+ 18. Ke2 Be7 19. Rhd1 h6 20. b3 Qc8 21.
Rac1 Qa6 1/2-1/2

[Event "Mittelfrankenliga 05/06 (B2b)"]
[Site "Mfr.2005/06-R9"]
[Date "2006.04.30"]
[Round "9.5"]
[White "Frank, Werner[62]"]
[Black "Kaiser, Harald[66]"]
[Result "0-1"]
[WhiteElo "1839"]
[BlackElo "1935"]
[Annotator "Bechhofen1-Heilsbronn1"]
[PlyCount "108"]
[EventDate "2006.04.30"]
[SourceDate "2005.10.17"]

1. d4 d6 2. Bf4 g6 3. e3 Bg7 4. c3 Nd7 5. Nd2 e5 6. Bg3 Nh6 7. Ngf3 Nf5 8. dxe5
dxe5 9. Ne4 Qe7 10. Bc4 h6 11. Qb3 a6 12. O-O-O Nxg3 13. hxg3 Nb6 14. Bxf7+
Qxf7 15. Rd8+ Ke7 16. Qxf7+ Kxf7 17. Rxh8 Bxh8 18. Rxh6 Kg7 19. Rh4 Kg8 20. g4
Bg7 21. Nfd2 Bd7 22. g5 Rf8 23. f3 Nd5 24. Nc5 Bc8 25. Nf1 b6 26. Ne4 Be6 27.
Kd2 Ne7 28. b3 Nf5 29. Rh1 Nd6 30. Nfg3 Nf5 31. Ke2 Kf7 32. Rd1 Ke7 33. Nf1 Rh8
34. Nf2 Rd8 35. Rc1 Nd6 36. e4 Nf7 37. Nd3 Nxg5 38. c4 c6 39. Ne3 Bc8 40. Nb4
Bb7 41. Ng4 Ne6 42. Nd3 Nf4+ 43. Nxf4 exf4 44. Rh1 Rh8 45. Rd1 Bc8 46. Nf2 Rh2
47. Kf1 Bf6 48. Kg1 Rh8 49. a3 Rd8 50. Nd3 Be6 51. e5 Bxe5 52. Kf2 Kf6 53. Ke1
Bf5 54. Nb4 Bc3+ 0-1

[Event "Mittelfrankenliga 05/06 (B2b)"]
[Site "Mfr.2005/06-R9"]
[Date "2006.04.30"]
[Round "9.6"]
[White "Wind, Patrick"]
[Black "Heinz, Manfred"]
[Result "1-0"]
[WhiteElo "1872"]
[BlackElo "1692"]
[Annotator "Bechhofen1-Heilsbronn1"]
[PlyCount "101"]
[EventDate "2006.04.30"]
[SourceDate "2005.10.17"]

1. c4 Nf6 2. Nc3 g6 3. g3 Bg7 4. Bg2 O-O 5. e4 e5 6. Nge2 Nc6 7. O-O d6 8. d3
Nh5 9. f4 exf4 10. Nxf4 Nxf4 11. Bxf4 Ne5 12. Qd2 Ng4 13. h3 Ne5 14. Rae1 c6
15. b3 f5 16. d4 Nf7 17. Kh2 Qa5 18. exf5 Bxf5 19. g4 Bc8 20. Re2 h5 21. g5 Bf5
22. Nd5 Qxd2 23. Ne7+ Kh7 24. Rxd2 Rae8 25. Nxf5 gxf5 26. Bf3 Kg6 27. Bd1 d5
28. Bf3 Rd8 29. c5 Rde8 30. h4 Re6 31. Kg2 Rfe8 32. Kf2 Nd8 33. Rb1 R6e7 34. b4
b6 35. b5 bxc5 36. dxc5 Bc3 37. Rdd1 cxb5 38. Rxd5 Nf7 39. c6 Be1+ 40. Kg2 Bxh4
41. Rh1 Bxg5 42. Bxh5+ Kf6 43. Bg3 f4 44. Bf2 Rg8 45. Rxb5 Ne5 46. Bd4 Bh4+ 47.
Kf1 Bg3 48. Bf3 Rge8 49. Rh5 a6 50. Rbxe5 Rxe5 51. Rxe5 1-0